000 00487nam a2200169Ia 4500
999 _c26634
_d26634
003 OSt
005 20201215153122.0
008 190216s9999||||xx |||||||||||||| ||und||
040 _coclc
082 _a894.8124
_bPUS/C
100 _aPushkin, Alexander
_95470
245 0 _aCaptainte Makal /
_cAlexander Pushkin
260 _bRaduga Publication,
_aTrivandrum:
_c1989.
300 _a230p
650 _aLekhanam
942 _cBK
_2ddc
_h894.8124
_iPUS/A
_k894.8124
_mPUS/A